[Event "Reunion op 09th"]
[Site "Reunion"]
[Date "2007.10.21"]
[Round "9"]
[White "Dalleau, Philippe"]
[Black "Salvan, Guillaume"]
[Result "0-1"]
[WhiteElo "1903"]
[BlackElo "1899"]
[PlyCount "190"]
[EventDate "2007.10.14"]
[EventType "swiss"]
[EventRounds "9"]
[EventCountry "RUF"]
[SourceTitle "EXT 2012"]
[Source "ChessBase"]
[SourceDate "2011.11.24"]
[SourceVersion "1"]
[SourceVersionDate "2011.11.24"]
[SourceQuality "1"]

1. e4 Nf6 2. e5 Nd5 3. d4 d6 4. c4 Nb6 5. exd6 cxd6 6. Nc3 Nc6 7. Nf3 Bg4 8. Be2 e6 9. b3 Be7 10. 0-0 0-0 11. Be3 Bf6 12. Rc1 d5 13. c5 Nc8 14. h3 Bh5 15. g4 Bg6 16. g5 Be7 17. h4 f6 18. Bd3 Bh5 19. Be2 Bxf3 20. Bxf3 fxg5 21. Bg4 e5 22. Be6+ Kh8 23. Nxd5 exd4 24. Bxd4 gxh4 25. Bb2 Bg5 26. Qg4 Bh6 27. Rcd1 Qg5 28. Nc7 Rb8 29. Rd5 Qxg4+ 30. Bxg4 N8e7 31. Rh5 Rf4 32. f3 Ng8 33. Ne6 Rf7 34. Re1 Nf6 35. Rxh4 Nxg4 36. Rxg4 Re8 37. Ng5 Rfe7 38. f4 Kg8 39. f5 Ne5 40. Bxe5 Rxe5 41. Rf1 Rxc5 42. f6 Rxg5 43. f7+ Kf8 44. fxe8Q+ Kxe8 45. Rxg5 Bxg5 46. Rf5 Bf6 47. b4 Kd7 48. b5 Kc7 49. Kg2 Kb6 50. Rh5 h6 51. Kf3 Bg5 52. Rh1 Kxb5 53. Rb1+ Kc6 54. Ke4 b5 55. Rb3 Bf6 56. Rd3 Kc5 57. Rd5+ Kb4 58. Rd3 a5 59. Kd5 Ka4 60. Rb3 b4 61. Kc4 Bc3 62. a3 h5 63. axb4 axb4 64. Rb1 h4 65. Rh1 g5 66. Rh3 Bf6 67. Rf3 Bc3 68. Rf8 Ka3 69. Ra8+ Kb2 70. Rg8 Bd2 71. Rd8 Kc2 72. Kd4 b3 73. Rc8+ Kb1 74. Kd3 Bc1 75. Rb8 b2 76. Rh8 Ka2 77. Ra8+ Kb3 78. Rb8+ Ka4 79. Kc4 Ka5 80. Kc5 Ka6 81. Kc6 Ka7 82. Rb7+ Ka8 83. Rb3 Ka7 84. Rb7+ Ka6 85. Rb3 Ka5 86. Kc5 Ka4 87. Kc4 h3 88. Rb8 Ka5 89. Kc5 Ka6 90. Kc6 Ka7 91. Rb7+ Ka6 92. Rb3 Ka5 93. Kc5 Ka4 94. Rb8 h2 95. Ra8+ Kb3 0-1

[Event "Reunion op 09th"]
[Site "Reunion"]
[Date "2007.10.16"]
[Round "4"]
[White "Damey, Loic"]
[Black "Salvan, Guillaume"]
[Result "1/2-1/2"]
[WhiteElo "2000"]
[BlackElo "1899"]
[PlyCount "121"]
[EventDate "2007.10.14"]
[EventType "swiss"]
[EventRounds "9"]
[EventCountry "RUF"]
[SourceTitle "EXT 2012"]
[Source "ChessBase"]
[SourceDate "2011.11.24"]
[SourceVersion "1"]
[SourceVersionDate "2011.11.24"]
[SourceQuality "1"]

1. d4 Nf6 2. Nf3 e6 3. Bf4 c5 4. c3 Nc6 5. e3 cxd4 6. exd4 Be7 7. Bd3 b6 8. Nbd2 Bb7 9. Qe2 d6 10. 0-0 0-0 11. Rfe1 Re8 12. Rad1 g6 13. h3 Bf8 14. Bb5 a6 15. Ba4 b5 16. Bc2 Bg7 17. a4 b4 18. c4 d5 19. c5 Nd7 20. Nb3 a5 21. Qd2 Rc8 22. Bh6 Bh8 23. Qf4 e5 24. dxe5 Ncxe5 25. Ng5 f6 26. Nf3 Nxc5 27. Nfd4 Nxb3 28. Bxb3 Nc4 29. Qf3 Rxe1+ 30. Rxe1 Ne5 31. Qe2 Qb6 32. Be3 Qd6 33. Qb5 Qc7 34. Bxd5+ Bxd5 35. Qxd5+ Nf7 36. Ne6 Qc6 37. Qxc6 Rxc6 38. Nc5 Ne5 39. b3 Bg7 40. Rd1 Rc8 41. Rd5 Nc6 42. Ne6 Bh8 43. Rc5 f5 44. Nd4 Bxd4 45. Bxd4 Rd8 46. Be3 Rd6 47. Bf4 Re6 48. Bc7 Kf7 49. Bxa5 Nxa5 50. Rxa5 Re1+ 51. Kh2 Rb1 52. Ra7+ Kg8 53. Rb7 Rxb3 54. a5 Ra3 55. Rxb4 Rxa5 56. Rb7 f4 57. g3 fxg3+ 58. fxg3 Ra2+ 59. Kg1 h5 60. h4 Kf8 61. Rc7 1/2-1/2